Normal view MARC view
  • Sikhism.

Entry Topical Term

Number of records used in: 2

001 - CONTROL NUMBER

  • control field: 14388

003 - CONTROL NUMBER IDENTIFIER

  • control field: NUST

005 - DATE AND TIME OF LATEST TRANSACTION

  • control field: 20190516080932.0

008 - FIXED-LENGTH DATA ELEMENTS

  • fixed length control field: 190516|| aca||aabn | a|a d

040 ## - CATALOGING SOURCE

  • Original cataloging agency: NUST
  • Transcribing agency: NUST

150 ## - HEADING--TOPICAL TERM

  • Topical term or geographic name entry element: Sikhism.

670 ## - SOURCE DATA FOUND

  • Source citation: Work cat.: (NUST)0: Macauliffe, Max Arthur, 1842-1913. [from old catalog] 14387, The Sikh religion, its gurus, sacred writings, and authors., 2000.
© 2023 Central Library, National University of Sciences and Technology. All Rights Reserved.